Manual Kajian Kemungkinan

Bibliographic Details
Corporate Author: Jabatan Penilaia dan Perkhidmatan Harta
Format: Book
Language:Malay
Published: Putrajaya : Jabatan Penilaian dan Perkhidmatan Harta 2017
Subjects:

MARC

LEADER 00000cam a2200000 7i4500
001 0000028067
005 20241121.0
008 180730 my a may
040 |a INS   |b eng   |e rda 
090 0 0 |a HD47.4   |b M36 2017 
245 0 0 |a Manual Kajian Kemungkinan 
264 1 |a Putrajaya :   |b Jabatan Penilaian dan Perkhidmatan Harta   |c 2017 
264 4 |c ©2017 
300 |a vii, 76 pages :   |b colour illustrations ;   |c 30 cm. 
336 |a text  |2 rdacontent 
337 |a unmediated  |2 rdamedia 
338 |a volume  |2 rdacarrier 
650 0 |a Cost effectiveness 
650 0 |a Feasibility studies 
710 1 |a Jabatan Penilaia dan Perkhidmatan Harta 
999 |a 0000024543   |b BOOK   |c Open Shelf   |e Default branch 
999 |a 0000024544   |b BOOK   |c Open Shelf   |e Default branch 
999 |a 0000024545   |b BOOK   |c Open Shelf   |e Default branch